| 000 | 00859nam a2200217Ia 4500 | ||
|---|---|---|---|
| 003 | GCL | ||
| 008 | 140319s9999 xx 000 0 ara d | ||
| 040 |
_aGCL / _cGCL |
||
| 082 | 0 | 4 |
_a953.01 _bا م |
| 100 | 1 | _aالسيد احمد ابوالفضل عوض الله | |
| 245 | 1 | 0 |
_aمكة فى عصر ماقبل الاسلام / _cالسيد احمد ابوالفضل عوض الله |
| 260 |
_aالرياض : _bدارة الملك عبد العزيز ، _c1978 |
||
| 300 |
_a220 ص ؛ _c24 سم |
||
| 650 | 0 | 4 | _aالجاهلية |
| 650 | 0 | 4 | _aالاماكن المقدسة |
| 650 | 0 | 4 | _aمكة المكرمة - تاريخ |
| 650 | 0 | 4 | _aشبه الجزيرة العربية - تاريخ |
| 650 | 0 | 4 | _aمكة المكرمة - الاحوال الاقتصادية |
| 650 | 0 | 4 | _aمكة المكرمة - الاحوال الاجتماعية |
| 942 |
_2ddc _cBK |
||
| 999 |
_c7053 _d7053 |
||